| 000 | 00856nam0a22002771 4500 | ||
|---|---|---|---|
| 001 | rc\3203434 | ||
| 005 | 20130115135613.2 | ||
| 021 |
_aRU _b[76-15795] |
||
| 035 | _a(NLR Aleph) 007462975 | ||
| 090 |
_a7336694 _c7336694 |
||
| 100 | _a20130115d1976 |||y0rusy50 ca | ||
| 101 | 0 | _arus | |
| 102 | _aRU | ||
| 105 | _aa z |||a| | ||
| 200 | 1 |
_aЖивите дважды _eРоман _fМария Глушко _g[Худож. А.Ю. Львов] |
|
| 210 |
_aКиев _cДнiпро _d1976 |
||
| 215 |
_a300 с. _cил. _d20 |
||
| 606 |
_aБиологи в СССР (х. л.) _2psbo |
||
| 606 |
_aУченые в СССР _2psbo |
||
| 700 | 1 |
_aГлушко _bМ. В. _f1922- _gМария Васильевна |
|
| 702 | 1 |
_aЛьвов _bА. Ю. _4440 |
|
| 801 | 0 |
_aRU _bNLR _gpsbo |
|
| 801 | 1 |
_aRU _bELAR _2rusmarc |
|
| 852 |
_aNLR _j76-3/4444 |
||
| 942 | _cBOOK | ||
| 980 | _aNB | ||